000 00564nam a2200205Ia 4500
005 20250326142123.0
008 250326s9999 xx 000 0 und d
020 _a0 434 91156 9
037 _aTextbook
040 _aFMSL
_beng
_cFMSL
041 _aeng
_2eng
084 _aX M6
_qFMSL
100 _aLivesey Frank
_9282542
245 0 _aEconomics : Introduction for students business and marketing
_cLivesey Frank
250 _a2
260 _aLondon
_bLondon, Heinemann
_c1986
300 _a257p
942 _cTB
_hX M6
999 _c1293534
_d1293534